Дело с донесениями (управителя) Петра Евтифеева Федору Ивановичу и Анастасии Ивановне Апрелевым по управлению имением Погостицы

Доступно только в Электронных читальных залах Найти на картеНа карте
RUSMARC
00003753nmc2a22002413x 450
0017b81f5ed-055c-48f4-9d97-f1c7853a1150
00520230909174501.0
100##$a20230515l18301833k l0rusy0189 ca
1010#$arus
102##$aRU
105##$ay###
1222#$ad
2001#$aДело с донесениями (управителя) Петра Евтифеева Федору Ивановичу и Анастасии Ивановне Апрелевым по управлению имением Погостицы
$j22 декабря 1830 г. - 16 марта 1833 г.
215##$a47 л.
$d40х30 см
251##$cДело
300##$aСлужащие при графах Шереметевых. Апрелевы, Иван Федорович, главноуправляющий, и другие. Материалы по имениям
371##$aДокумент не является опубликованным и широко распространяемым
461#0$100198b93a77-94f0-46bb-a7e0-b5027cc72a67
$12001
$aШереметевы, графы
$1251
$cФонд
$1852
$j1088
462#0$1001d3ce280e-361b-49f4-86d2-e1a120f828b4
$12001
$aЛичные документы, переписка и документы, связанные со служебной и общественной деятельностью графов Бориса Петровича, Петра Борисовича, Николая Петровича и Дмитрия Шереметевых
$1251
$cОпись
$1852
$j1
801#0$aRU
$bРГИА
$c20230515
$gRCR
801#1$aRU
$bГлавНИВЦ
$c20230515
$2rusmarc
801#2$aRU
$bПБ им. Б.Н. Ельцина
$c20230909
$gRCR
$2rusmarc
850##$aРГИА
852##$aРГИА
$eФедеральное казенное учреждение "Российский государственный исторический архив" (РГИА)
$j828
937##$hРГИА
$d12399836
$aASBIBLIO_SCAN
035##$aRusGRCC00060332
856##$uhttp://readingroom.main.prlib.ru/item.aspx?id_node=n187476216&mode=full
Формат отображения